Rainer Werner Fassbinder /

Guardat en:
Dades bibliogràfiques
Autor principal: Ferrario, Davide, (1956- ) (Autor)
Format: Llibre
Idioma:italià
Publicat: \Roma! : Il castoro, 1993
Edició:2. ed
Col·lecció:Il castoro cinema ; 102
Matèries:
Etiquetes: Afegir etiqueta
Sense etiquetes, Sigues el primer a etiquetar aquest registre!

MARC

LEADER 00000nam a22000007i 4500
001 IT\ICCU\PAL\0085143
003 ItRI
005 20260115231937.0
008 930928s1993 it |||||| ||||| |||||c
020 |a 8880330039 
040 |b ita  |c importazione bologna sebina 
041 7 |a ita  |2 ISO-639-2 
082 |a 791.430233092  |9 CINEMA. Direzione. Persone  |2 20 
100 1 |a Ferrario, Davide,  |d  (1956- )  |0 IT\ICCU\CFIV\003372  |4 aut 
245 1 0 |a Rainer Werner Fassbinder /  |c Davide Ferrario. 
250 |a 2. ed 
260 |a \Roma! :  |b Il castoro,  |c 1993 
300 |a 127 p. ;  |c 17 x 15 cm. 
650 7 |a Fassbinder, Rainer Werner 
830 3 |a Il castoro cinema ;  |v 102  |0 IT\ICCU\CFI\0002355 
942 |2 ddc  |c BK  |n 0 
952 |0 0  |1 0  |4 0  |6 DOC_791_430000000000000_FER  |7 0  |9 17399  |a BO  |b BO  |d 2026-01-15  |i 16063  |l 0  |o DOC 791.430 FER  |p BO16063  |r 2026-01-15 23:19:37  |w 2026-01-15  |x [Sebina 5] [1 v.]  |y BK  |z 1 v. 
999 |c 14845  |d 14845